| 000 | 01303nam a2200241 a 4500 | ||
|---|---|---|---|
| 008 | 120416s1990 xx |||||||||||||| || u | ||
| 020 | _a0750619015 | ||
| 050 | _aTA 418.32 Str | ||
| 100 | _aLewis, Peter | ||
| 245 | 1 | 0 |
_aStructural materials _cedited by Weidmann, George |
| 260 | _c1990 | ||
| 300 | _a430p. ; ill. | ||
| 350 | _a0.00 | ||
| 490 | _aMaterials in action series | ||
| 650 | 0 | _aMATERIALS--DYNAMIC TESTING | |
| 650 | 0 | _aMATERIALS | |
| 700 | _aReid, Nick | ||
| 995 |
_aANNEX COLLECTION (Main Library) _D0.00 _e730138 _FCBU-MAIN LIBRARY (Kitwe) _H2 _I11.00 _jTA 418.32 Str _M2 _UAVAILABLE _y027156 _ZAnnex Low-Usage Collection |
||
| 995 |
_aANNEX COLLECTION (Main Library) _D0.00 _e730278 _FCBU-MAIN LIBRARY (Kitwe) _H4 _I11.00 _jTA 418.32 Str _M4 _UAVAILABLE _y027134 _ZAnnex Low-Usage Collection |
||
| 995 |
_aANNEX COLLECTION (Main Library) _D0.00 _e730137 _FCBU-MAIN LIBRARY (Kitwe) _H5 _I11.00 _jTA 418.32 Str _M5 _UAVAILABLE _y027212 _ZAnnex Low-Usage Collection |
||
| 995 |
_aANNEX COLLECTION (Main Library) _D0.00 _e730136 _FCBU-MAIN LIBRARY (Kitwe) _H1 _I11.00 _jTA 418.32 Str _M1 _UAVAILABLE _y027211 _ZAnnex Low-Usage Collection |
||
| 995 |
_aANNEX COLLECTION (Main Library) _D0.00 _e730279 _FCBU-MAIN LIBRARY (Kitwe) _H3 _I11.00 _jTA 418.32 Str _M3 _UAVAILABLE _WJul 26, 2006 _y027135 _ZAnnex Low-Usage Collection |
||
| 999 |
_c76919 _d76919 |
||